Το χρονικό της μεγάλης κρίσης : η Τράπεζα της Ελλάδος 2008-2013 : δημόσιες περεμβάσεις και θεσμικές δράσεις για τη διαφύλαξη της χρηματοπιστωτικής σταθερότητας και την υπέρβαση της κρίσης

Αποθηκεύτηκε σε:
Λεπτομέρειες βιβλιογραφικής εγγραφής
Συλλογικό Έργο: Τράπεζα της Ελλάδος, Κέντρο Πολιτισμού Έρευνας και Τεκμηρίωσης
Μορφή: Βιβλίο
Γλώσσα:Greek
Δημοσίευση: Αθήνα : Τράπεζα της Ελλάδος, 2014
Θέματα:
Ετικέτες: Προσθήκη ετικέτας
Δεν υπάρχουν, Καταχωρήστε ετικέτα πρώτοι!

MARC

LEADER 00000cam a2200000 i 4500
001 1/65521
008 150202s2014 gre d
020 |a 978-960-7032-63-8 
035 |l 10120808 
040 |a GR-MY-UA  |b gre  |e aacr 
041 0 |a gre 
082 0 |a 332.109495  |2 (23) 
110 2 |a Τράπεζα της Ελλάδος. 
245 1 3 |a Το χρονικό της μεγάλης κρίσης :  |b η Τράπεζα της Ελλάδος 2008-2013 : δημόσιες περεμβάσεις και θεσμικές δράσεις για τη διαφύλαξη της χρηματοπιστωτικής σταθερότητας και την υπέρβαση της κρίσης /  |c Τράπεζα της Ελλάδος ; Κέντρο Πολιτισμού Έρευνας και Τεκμηρίωσης 
260 |a Αθήνα :   |b Τράπεζα της Ελλάδος,   |c 2014 
300 |a 232 σ.;  |b πίν., φωτ.;  |c 25 εκ.+  |e 1 cd 
504 |a Περιλαμβάνει βιβλιογραφικές παραπομπές και ευρετήριο 
650 0 0 |a Banks and banking  |z Greece. 
650 0 0 |a Monetary policy. 
650 0 0 |a Financial crises  |z Greece. 
650 0 0 |a Economic policy. 
650 0 0 |a Banks and banking  |z Greece  |x History. 
710 2 |a Κέντρο Πολιτισμού Έρευνας και Τεκμηρίωσης. 
852 |a INST  |b CHIOS  |c TSAMOYRGELIS  |e 20190913  |h 332.109495 ΧΡΟ  |p 005200038693  |q 005200038693  |t BK  |y 0 
852 |a INST  |b CHIOS  |c TSAMOYRGELIS  |e 20190913  |h 332.109495 ΧΡΟ   |p 005200040127  |q 005200040127  |t BK  |y 0 
852 |a INST  |b LESVOS  |e 20150209  |h 336.309495 ΧΡΟ  |p 005100056093  |q 005100056093  |t BK  |y 0 
852 |a INST  |b RHODES  |e 20150202  |h 332.109495 ΧΡΟ  |p 005400037543  |q 005400037543  |t BK  |y 0 
901 |a BIBL4-2015-1 
901 |a BIBL1-2015-1 
909 |a Ρ  |b 183862 
909 |a Λ  |b 191737 
970 |z 2015/02/02